000 00565 a2200181 4500
999 _c9351
_d9351
020 _a9780409055023
050 _aKF4945 MAR 2012
100 _aMarnewick, C. G.
_eauthor
245 _aLitigation skills for South Africa lawyers /
_cC. G. Marnewick
250 _a3rd ed.
264 _aDurban :
_bLexisNexis,
_c2012.
300 _a507p. :
_bill.
500 _aIncludes index
650 _aActions and defenses -- South Africa.
650 _aPractice of law -- South Africa.
650 _aCivil procedure -- South Africa.
942 _2lcc
_cBK
_e3rd ed.
_h4945
_iMAR
_kKF